000 00635nam a2200169 i 4500
001 63996
003 ES-MaACL
005 20230906165022.0
007 t|
008 031218s1962 be ||||1| eng d
245 0 4 _aThe first stage of the Common Market Report on the execution of the treaty
_b: (January 1958-January 1962).
260 _aBrussels :
_b[Publishing Services of the European Communities],
_c1962.
300 _a115 p., 5 lám. :
_bgraf. ;
_c21 cm.
500 _aPrecede al tit.: European Economic Community Commission.
710 2 _aEuropean Ecxonomic Community Commission.
_94040
852 _aES-MaACL
_jC-24860
_bR.52951
999 _c63996
_d63996